L’esperienza dell’ipnosi. Approcci terapeutici agli stati alterati (Record no. 32899)
[ view plain ]
| 000 -LEADER | |
|---|---|
| fixed length control field | 00633nam a2200265Ia 4500 |
| 003 - CONTROL NUMBER IDENTIFIER | |
| control field | IT-RoPAU |
| 005 - DATE AND TIME OF LATEST TRANSACTION | |
| control field | 20220918175838.0 |
| 008 - FIXED-LENGTH DATA ELEMENTS--GENERAL INFORMATION | |
| fixed length control field | 120407s9999 xx 000 0 und d |
| 040 ## - CATALOGING SOURCE | |
| Original cataloging agency | IT-RoPAU |
| 040 ## - CATALOGING SOURCE | |
| Transcribing agency | IT-RoPAU |
| 041 ## - LANGUAGE CODE | |
| Language code of text/sound track or separate title | ita |
| 100 ## - MAIN ENTRY--PERSONAL NAME | |
| Personal name | Ernest L. Rossi |
| 9 (RLIN) | 36089 |
| 100 ## - MAIN ENTRY--PERSONAL NAME | |
| Titles and words associated with a name | coll. |
| 9 (RLIN) | 46 |
| 245 ## - TITLE STATEMENT | |
| Title | L’esperienza dell’ipnosi. Approcci terapeutici agli stati alterati |
| 250 ## - EDITION STATEMENT | |
| Edition statement | Roma |
| 260 ## - PUBLICATION, DISTRIBUTION, ETC. (IMPRINT) | |
| Place of publication, distribution, etc. | Astrolabio |
| 260 ## - PUBLICATION, DISTRIBUTION, ETC. (IMPRINT) | |
| Date of publication, distribution, etc. | 1984 |
| 300 ## - PHYSICAL DESCRIPTION | |
| Extent | 336 p. |
| 300 ## - PHYSICAL DESCRIPTION | |
| Dimensions | 21 cm |
| 490 ## - SERIES STATEMENT | |
| Series statement | Psiche e coscienza |
| 490 ## - SERIES STATEMENT | |
| Volume/sequential designation | 1 |
| 700 ## - ADDED ENTRY--PERSONAL NAME | |
| Personal name | Milton H. Erickson |
| 9 (RLIN) | 36090 |
| 942 ## - ADDED ENTRY ELEMENTS (KOHA) | |
| Koha item type | LIBRO |
| Source of classification or shelving scheme | Dewey Decimal Classification |
| Withdrawn status | Lost status | Source of classification or shelving scheme | Damaged status | Not for loan | Home library | Current library | Date acquired | Total Checkouts | Full call number | Date last seen | Price effective from | Koha item type | Public note |
|---|---|---|---|---|---|---|---|---|---|---|---|---|---|
| Dewey Decimal Classification | Buone Condizioni | Not For Loan | PAULUS-BIBLIOTECA | PAULUS-BIBLIOTECA | 11/04/2012 | 154.5 | 11/04/2012 | 11/04/2012 | LIBRO | Inserito da: Mario In data: 02 settembre 2011 fondo: Via A.Severo 56 Progr:17184 |